[Event "AUTO-ADV-1493"]
[Site "http://www.queenalice.com/game.php?id=662528"]
[Date "2009.10.4"]
[Round "1"]
[White "Alcamo"]
[Black "doido"]
[Result "1-0"]
[WhiteElo "1768"]
[BlackElo "1771"]

1. d4 d6 2. e4 g6 3. Nc3 Bg7 4. f4 Nd7 5. Nf3 c5 6. Be3 cxd4 7. Bxd4 Ngf6 8. e5
dxe5 9. fxe5 Ng4 10. Qe2 O-O 11. h3 Nh6 12. O-O-O Nf5 13. Bf2 e6 14. g4 Ne7 15.
Bh4 f6 16. exf6 Bxf6 17. Qxe6+ Kh8 18. Bxf6+ Rxf6 19. Qxf6+ Nxf6 20. Rxd8+ Kg7
21. Bc4 Nc6 22. Rd2 Na5 23. Ne5 a6 24. Bb3 b5 25. Rf1 b4 26. Na4 Nxb3+ 27. axb3
Be6 28. Nc5 Bg8 29. Rfd1 a5 30. Rd8 Ra7 31. g5 Nd5 32. Rxg8+ Kxg8 33. Rxd5 Re7
34. Rd8+ Kg7 35. Rd7 1-0

[Event "Challenge"]
[Site "http://www.queenalice.com/game.php?id=671955"]
[Date "2009.10.24"]
[Round "-"]
[White "barbarosa"]
[Black "doido"]
[Result "1-0"]
[WhiteElo "1826"]
[BlackElo "1798"]

1. b3 d6 2. Bb2 c5 3. c4 Nd7 4. d4 cxd4 5. Bxd4 Ngf6 6. e3 g6 7. Nd2 Bg7 8. h3
O-O 9. Ngf3 b6 10. Bd3 Nc5 11. Bc2 Qc7 12. e4 Bb7 13. e5 dxe5 14. Bxe5 Qc8 15.
O-O Rd8 16. Qe2 Nh5 17. Bxg7 Kxg7 18. Qe5+ Kg8 19. Qxe7 Nf4 20. Ng5 Rf8 21. Nde4
Nxe4 22. Bxe4 Bxe4 23. Nxe4 Re8 24. Nf6+ Kh8 25. Qxf7 Nxh3+ 26. gxh3 Qxh3 27.
Rfe1 Rxe1+ 28. Rxe1 Qh6 29. Re8+ Rxe8 30. Qxe8+ Kg7 31. Qe7+ Kh8 32. Qe5 Qc1+
33. Kg2 Qh6 34. Ng4+ Qg7 35. Qxg7+ Kxg7 36. f4 h5 37. Ne5 Kf6 38. Nc6 a5 39. a4
Kf5 40. Kg3 Ke4 41. b4 axb4 42. Nxb4 Kd4 43. Nc6+ Kxc4 44. Ne7 Kb4 45. Nxg6 Kxa4
46. Ne5 1-0

[Event "Challenge"]
[Site "http://www.queenalice.com/game.php?id=671956"]
[Date "2009.10.24"]
[Round "-"]
[White "doido"]
[Black "barbarosa"]
[Result "0-1"]
[WhiteElo "1783"]
[BlackElo "1841"]

1. e4 b6 2. Nf3 Bb7 3. Bc4 Bxe4 4. Ng5 Bg6 5. Qf3 f6 6. Qxa8 fxg5 7. O-O e6 8.
d3 Nc6 9. Qxd8+ Nxd8 10. Bxg5 Nf7 11. Bh4 Be7 12. Bxe7 Nxe7 13. Nc3 O-O 14. Nb5
Ne5 15. Bb3 c6 16. Nc3 Bf7 17. Ne4 Nc8 18. Rfe1 d5 19. Ng5 Ng4 20. Nxf7 Rxf7 21.
Re2 Re7 22. Rae1 Kf7 23. h3 Nf6 24. c4 Nd6 25. cxd5 cxd5 26. g4 h6 27. h4 g5 28.
hxg5 hxg5 29. Kg2 Nb5 30. Re5 Nd4 31. Rxg5 Nxb3 32. axb3 Nd7 33. Re3 Ke8 34. Rf3
Nc5 35. d4 Ne4 36. Rg8+ Kd7 37. g5 e5 38. dxe5 Rxe5 39. Rg6 Rxg5+ 40. Rxg5 Nxg5
41. Rg3 Ne4 42. Rg7+ Kc6 43. Rxa7 d4 44. f3 Nc5 0-1

[Event "Challenge"]
[Site "http://www.queenalice.com/game.php?id=676965"]
[Date "2009.11.3"]
[Round "-"]
[White "doido"]
[Black "archangel"]
[Result "1-0"]
[WhiteElo "1861"]
[BlackElo "1711"]

1. e4 Nf6 2. Nf3 Nxe4 3. Bc4 d5 4. Bb3 Bg4 5. d3 Nf6 6. O-O Qd6 7. Bg5 Nbd7 8.
h3 Bh5 9. Nc3 e6 10. Nb5 Qb6 11. Bxf6 Nxf6 12. Ba4 c6 13. Nbd4 Bc5 14. Nb3 O-O
15. Nxc5 Qxc5 16. d4 Qb4 17. Bb3 a5 18. a3 Qe7 19. Qd3 b5 20. a4 b4 21. Ne5 c5
22. dxc5 Qxc5 23. g4 Bg6 24. Qe2 Rfc8 25. Nxg6 hxg6 26. Rac1 Ne4 27. Qd3 f6 28.
Kg2 Kf7 29. f3 Nd6 30. c3 Qb6 31. cxb4 Qxb4 32. h4 f5 33. Rc2 Rh8 34. Kh3 f4 35.
Rc7+ Ke8 36. Qe2 Kd8 37. Rc3 Kd7 38. Rfc1 Ra7 39. Qe5 Rh7 40. Bc2 Nc4 41. Qd4
Ra6 42. Rxc4 Qxc4 43. Qd2 e5 44. Bd3 Qb3 45. Rc3 Qb6 46. Bxa6 Qxa6 47. Qxd5+ Qd6
48. Qb7+ Ke6 49. Rc6 Rh8 50. Rxd6+ Kxd6 51. Qxg7 Rb8 52. Qxg6+ Kd5 53. Qe4+ Ke6
54. Qc4+ Kf6 55. Qc6+ Ke7 56. Qc7+ Kf6 57. Qxb8 Kg6 58. Qxe5 Kh6 59. h5 Kh7 60.
Qg5 Kh8 61. h6 Kh7 62. Qg7# 1-0

[Event "Challenge"]
[Site "http://www.queenalice.com/game.php?id=683246"]
[Date "2009.11.14"]
[Round "-"]
[White "doido"]
[Black "khran"]
[Result "0-1"]
[WhiteElo "1811"]
[BlackElo "1890"]

1. e4 c5 2. Nf3 d6 3. d4 cxd4 4. Nxd4 Nf6 5. Nc3 a6 6. Bg5 e6 7. Bd3 Be7 8. O-O
O-O 9. Qf3 Qc7 10. Rfe1 b5 11. Re2 Bb7 12. Rae1 b4 13. Nd1 Nbd7 14. Ne3 Ne5 0-1

[Event "AUTO-ADV-1547"]
[Site "http://www.queenalice.com/game.php?id=686362"]
[Date "2009.11.20"]
[Round "1"]
[White "thw"]
[Black "doido"]
[Result "1-0"]
[WhiteElo "1836"]
[BlackElo "1820"]

1. e4 c5 2. Nf3 Nc6 3. d4 cxd4 4. Nxd4 g6 5. Nc3 Bg7 6. Be3 d6 7. Bc4 Nf6 8.
Nxc6 bxc6 9. Qd2 Bg4 10. f3 Bd7 11. Bh6 O-O 12. Bxg7 Kxg7 13. h4 Rb8 14. O-O-O
d5 15. exd5 cxd5 16. Nxd5 Nxd5 17. Qxd5 Bf5 18. Qxd8 Rbxd8 19. g4 Bc8 20. Rd2
Rxd2 21. Kxd2 Bb7 22. Ke2 Rc8 23. Bd3 Rc6 24. Be4 Rb6 25. Bxb7 Rxb7 26. b3 Rb6
27. Rd1 e6 28. Rd7 Ra6 29. a4 Rc6 30. Kd3 a6 31. Rd4 h6 32. c4 Rc7 33. b4 f5 34.
Rd6 Kf6 35. Rxa6 Rd7+ 36. Kc3 fxg4 37. fxg4 Ke5 38. c5 Rc7 39. Kc4 Rc8 40. b5
Rd8 41. c6 Rd4+ 42. Kc5 Rd5+ 43. Kb6 Kf4 44. c7 Rd6+ 45. Kb7 1-0

[Event "AUTO-ADV-1547"]
[Site "http://www.queenalice.com/game.php?id=686378"]
[Date "2009.11.20"]
[Round "1"]
[White "breizhil"]
[Black "doido"]
[Result "0-1"]
[WhiteElo "1821"]
[BlackElo "1831"]

1. e4 c5 2. Nf3 Nc6 3. Bb5 g6 4. d4 cxd4 5. Nxd4 Qb6 6. Bxc6 bxc6 7. O-O Bg7 8.
Be3 Qxb2 9. Nb3 Rb8 10. Bxa7 Rb7 11. Be3 Rxb3 12. axb3 Qxa1 13. Re1 d6 14. c4
Nf6 15. Bd4 Qa6 16. h3 O-O 17. g4 Nd7 18. Bxg7 Kxg7 19. Qd4+ Kg8 20. e5 Nxe5 21.
f4 Nf3+ 0-1

[Event "AUTO-ADV-1547"]
[Site "http://www.queenalice.com/game.php?id=686379"]
[Date "2009.11.20"]
[Round "1"]
[White "doido"]
[Black "breizhil"]
[Result "1-0"]
[WhiteElo "1847"]
[BlackElo "1805"]

1. e4 e5 2. Nf3 Nc6 3. Bc4 Nf6 4. c3 Nxe4 5. d4 h6 6. dxe5 Bc5 7. Bxf7+ Kxf7 8.
Qd5+ Kg6 9. Qxe4+ Kf7 10. Qc4+ Ke8 11. Qxc5 d6 12. exd6 cxd6 13. Qh5+ Kf8 14.
O-O a5 15. Re1 Bd7 16. Ng5 Ne5 17. Rxe5 Qf6 18. Re3 Kg8 19. Ne4 Qf4 20. Qd5+ Kh7
21. Re1 Qg4 22. Qf7 Bc6 23. Nf6# 1-0

[Event "AUTO-ADV-1547"]
[Site "http://www.queenalice.com/game.php?id=686390"]
[Date "2009.11.20"]
[Round "1"]
[White "doido"]
[Black "kanibal"]
[Result "0-1"]
[WhiteElo "1841"]
[BlackElo "1559"]

1. e4 d5 2. exd5 Qxd5 3. Nc3 Qd6 4. Nf3 Nf6 5. Bc4 e6 6. d4 Be7 7. O-O O-O 8.
Nb5 Qc6 9. Ne5 Qb6 10. Qf3 a6 11. Nc3 Qxd4 12. Bf4 Bd6 13. Rfe1 Bxe5 14. Bxe5
Qxc4 15. Bxf6 gxf6 16. Qxf6 Nd7 17. Qg5+ Kh8 18. Re4 f6 19. Qh6 Qc5 20. Rg4 Rg8
21. Ne4 Qf5 22. Rxg8+ Kxg8 23. Re1 b6 24. Ng3 Qg6 25. Qd2 Kf7 26. Ne2 Bb7 0-1

[Event "AUTO-ADV-1547"]
[Site "http://www.queenalice.com/game.php?id=686391"]
[Date "2009.11.20"]
[Round "1"]
[White "kanibal"]
[Black "doido"]
[Result "1-0"]
[WhiteElo "1529"]
[BlackElo "1871"]

1. e4 c5 2. d4 cxd4 3. Qxd4 Nc6 4. Qe3 g6 5. Ne2 Bg7 6. Ng3 d6 7. Bb5 Qa5+ 8.
Nc3 Bxc3+ 9. Qxc3 Qxc3+ 10. bxc3 Nf6 11. Bxc6+ bxc6 12. O-O O-O 13. Bg5 Kg7 14.
Bxf6+ Kxf6 15. c4 Ba6 16. Rfe1 Bxc4 17. f3 Rab8 18. c3 e5 19. Red1 d5 20. exd5
cxd5 21. a4 Kg7 22. Re1 f6 23. a5 Rb3 24. Rac1 Rb2 25. Rb1 Rfb8 26. Rbc1 1-0

[Event "5/11/2009"]
[Site "http://www.queenalice.com/game.php?id=693616"]
[Date "2009.12.6"]
[Round "-"]
[White "davidmassari"]
[Black "doido"]
[Result "1-0"]
[WhiteElo "1894"]
[BlackElo "1814"]

1. e4 c5 2. Nf3 Nc6 3. d4 cxd4 4. Nxd4 g6 5. Be3 Bg7 6. Nc3 d6 7. Be2 Nf6 8. Qd2
O-O 9. O-O-O Nxd4 10. Bxd4 Ng4 11. Bxg7 Kxg7 12. Bxg4 1-0

[Event "AUTO-OPEN-1673"]
[Site "http://www.queenalice.com/game.php?id=737649"]
[Date "2010.2.25"]
[Round "2"]
[White "Los_magos_falkon"]
[Black "doido"]
[Result "1-0"]
[WhiteElo "1853"]
[BlackElo "1794"]

1. e4 c5 2. c3 Nc6 3. Nf3 g6 4. d4 cxd4 5. cxd4 Bg7 6. Be3 d6 7. Bb5 Nf6 8. Nc3
Qa5 9. O-O O-O 10. Bxc6 bxc6 11. Rc1 Bg4 12. h3 Bh5 13. g4 Nxg4 14. hxg4 Bxg4
15. Nb1 Qh5 16. Nbd2 c5 17. dxc5 dxc5 18. Rxc5 f5 19. Qb3+ Kh8 20. Ng5 Rf6 21.
Rfc1 e5 22. Rc8+ Rxc8 23. Rxc8+ Bf8 24. Nf7+ 1-0

[Event "AUTO-OPEN-1673"]
[Site "http://www.queenalice.com/game.php?id=737650"]
[Date "2010.2.25"]
[Round "2"]
[White "doido"]
[Black "Los_magos_falkon"]
[Result "0-1"]
[WhiteElo "1821"]
[BlackElo "1838"]

1. e4 Nf6 2. Nf3 c5 3. d4 Nxe4 4. c3 e6 5. Bd3 Nf6 6. O-O d5 7. Bg5 Be7 8. dxc5
O-O 9. b4 a5 10. Re1 h6 11. Bh4 axb4 12. cxb4 b6 13. Qc2 bxc5 14. bxc5 Nc6 15.
Ne5 Nxe5 16. Rxe5 Qc7 17. Re2 Ng4 18. Bxe7 Qxh2+ 0-1

[Event "AUTO-ADV-1676"]
[Site "http://www.queenalice.com/game.php?id=740953"]
[Date "2010.3.4"]
[Round "1"]
[White "FabianoSales"]
[Black "doido"]
[Result "1-0"]
[WhiteElo "1918"]
[BlackElo "1806"]

1. d4 d6 2. e4 g6 3. b3 Bg7 4. Bb2 c5 5. Ne2 cxd4 6. Nxd4 Qb6 7. Na3 Nc6 8. Nc4
Qb4+ 9. c3 Qc5 10. b4 Qg5 11. Bc1 Qf6 12. Bb2 Qh4 13. Bd3 Nf6 14. e5 dxe5 15.
Nxc6 bxc6 16. Qa4 Bb7 17. Na5 e4 18. Be2 Rb8 19. Nxb7 Rxb7 20. Qxc6+ Kf8 21.
Qc8+ Ne8 22. Qxb7 Bh6 23. c4 Nf6 24. O-O e3 25. Qxa7 Kg7 26. Qxe7 Bg5 27. g3
exf2+ 28. Rxf2 Qh6 29. Rxf6 1-0

[Event "AUTO-ADV-1676"]
[Site "http://www.queenalice.com/game.php?id=740954"]
[Date "2010.3.4"]
[Round "1"]
[White "doido"]
[Black "FabianoSales"]
[Result "0-1"]
[WhiteElo "1805"]
[BlackElo "1980"]

1. e4 e5 2. Nf3 Nf6 3. Nxe5 Qe7 4. d4 d6 5. Nf3 Nxe4 6. Qe2 Nc6 7. Bg5 f6 8. Bh4
Bg4 9. d5 Nb4 10. Qb5+ c6 11. Qxb4 Bxf3 12. Rg1 Ng3+ 13. Kd2 Nxf1+ 14. Kc3 Qe5+
15. Qd4 Be2 16. Qxe5+ dxe5 17. dxc6 bxc6 18. Rh1 Bb5 19. a4 Ba6 20. b4 Rb8 21.
b5 cxb5 22. axb5 Bxb5 23. Rxa7 Be2 24. Ra4 Bb4+ 25. Rxb4 O-O 26. Rxb8 Rxb8 27.
Nd2 Rc8+ 28. Kb2 Nxd2 29. Re1 Bh5 30. c3 Bf7 31. f3 f5 32. Bf2 h5 33. h3 g5 34.
Be3 Nc4+ 35. Kc2 f4 36. Ba7 Ra8 37. Bc5 Kg7 38. Re4 Bg6 0-1

[Event "AUTO-ADV-1676"]
[Site "http://www.queenalice.com/game.php?id=740969"]
[Date "2010.3.4"]
[Round "1"]
[White "odairsmj"]
[Black "doido"]
[Result "1-0"]
[WhiteElo "1906"]
[BlackElo "1796"]

1. e4 c5 2. Nf3 Nc6 3. Bc4 g6 4. d3 Bg7 5. O-O d6 6. Bf4 Nf6 7. h3 O-O 8. Nc3
Be6 9. Bxe6 fxe6 10. Ng5 Nh5 11. Nxe6 Qd7 12. Nxf8 Rxf8 13. Bg5 Bd4 14. Bh4 Nf4
15. Qg4 Ne6 16. Rab1 1-0

[Event "AUTO-ADV-1676"]
[Site "http://www.queenalice.com/game.php?id=740970"]
[Date "2010.3.4"]
[Round "1"]
[White "doido"]
[Black "odairsmj"]
[Result "0-1"]
[WhiteElo "1784"]
[BlackElo "1918"]

1. e4 c5 2. Nf3 d6 3. d4 Nc6 4. d5 Ne5 5. Nc3 Bg4 6. Be2 Nxf3+ 7. Bxf3 Bxf3 8.
Qxf3 Nf6 9. O-O h6 10. Bf4 Qd7 11. e5 dxe5 12. Bxe5 Nh7 13. Rad1 f6 14. Qh5+ Kd8
15. d6 e6 0-1

[Event "AUTO-ADV-1676"]
[Site "http://www.queenalice.com/game.php?id=740979"]
[Date "2010.3.4"]
[Round "1"]
[White "Ettedualc"]
[Black "doido"]
[Result "0-1"]
[WhiteElo "1707"]
[BlackElo "1792"]

1. g4 c5 2. Bg2 Nc6 3. c4 g6 4. g5 Bg7 5. h4 f6 6. gxf6 Nxf6 7. d3 O-O 8. Nc3 d6
9. Bxc6 bxc6 10. Nf3 d5 11. Qa4 Bg4 12. Qxc6 Bxf3 13. exf3 dxc4 14. Qe6+ Kh8 15.
Bg5 Qxd3 16. Qe2 Nh5 17. Qxd3 cxd3 18. O-O-O Rxf3 19. Bxe7 c4 20. Bc5 Nf4 21.
Rhe1 d2+ 22. Rxd2 Nd3+ 0-1

[Event "AUTO-ADV-1676"]
[Site "http://www.queenalice.com/game.php?id=740980"]
[Date "2010.3.4"]
[Round "1"]
[White "doido"]
[Black "Ettedualc"]
[Result "1-0"]
[WhiteElo "1807"]
[BlackElo "1765"]

1. e4 g6 2. Nf3 Bg7 3. Bc4 d6 4. c3 Bg4 5. d4 Nf6 6. Be3 Nxe4 7. Qb3 b6 8. Bd5
Nxf2 9. Bxf2 c6 10. Bxf7+ Kf8 11. Ng5 d5 12. h3 Bf5 13. g4 Be4 14. Ne6+ Kxf7 15.
Nxd8+ Rxd8 16. O-O 1-0